| 000 | 02060nam a2200397 c 4500 | ||
|---|---|---|---|
| 003 | BLK | ||
| 005 | 20221229113621.0 | ||
| 008 | 180407b bul|||||r ||||||| ||bul|| | ||
| 010 | _aKNG00033864000 | ||
| 020 |
_a954-642-099-9 _bиздат.: Pensoft |
||
| 040 | _aBLK | ||
| 041 |
_aBUL _cBUL |
||
| 080 |
_aИстория на цивилизацията. История на културата _b930.85 _x(4) _z930.85(4) |
||
| 080 |
_aИстория на Европа _b94(4) _x _z94(4) |
||
| 080 |
_aРазлични видове култура. Култура на различните общества. Цивилизация. Субкултура. _b316.72 _x(4) _z316.72(4) |
||
| 100 | 1 |
_aПроницин, Борис _eпърви автор _9113207 |
|
| 139 |
_aПроницин, Борис _bП 91 |
||
| 245 | 1 | 0 |
_aДвете Европи _bСлав. идея през ХХI век _cБорис Проницин. |
| 257 | _aBGR | ||
| 260 |
_аСофия ; Москва _bPensoft _c2000 _fСофия : Кл. Охридски |
||
| 300 |
_a344 с. _bс табл. _c22 см |
||
| 380 | _a9 | ||
| 500 | _aОфис. изд. - 600 тир. - Съдържа и Разгръщане на материализма в зап. история ; Разгръщане на индивидуализма в зап. история ; Прояви на колективното съзнание в източноевроп. история ; Парал. епохи и явления в ант., зап., и слав. история. - Библиогр. с. 341-344 | ||
| 504 | _a341-344 | ||
| 650 | 4 |
_aКултура - философски проблеми _9257507 |
|
| 650 | 4 |
_aИстория - философски проблеми _9242500 |
|
| 650 | 4 |
_aКултура, славянска - история _9271352 |
|
| 653 | _aкултура | ||
| 653 | _aистория | ||
| 653 | _aфилософски проблеми | ||
| 852 | _aЦб 206069 | ||
| 856 | 4 |
_qpdf _u |
|
| 856 | 4 |
_qpdf _u |
|
| 942 |
_cKNG _n0 _02 |
||
| 944 |
_aCR _c15.01.2003 _kНаталия_Медовщикова |
||
| 944 |
_aED _c22.10.2008 _k |
||
| 999 |
_c31219 _d31219 |
||